00438 a2200157 4500003000500000005001700005040000900022082001000031100003100041245011600072260001800188300001000206538002900216650001600245651001900261Nust20170207153349.0 cNust a005.1 aMumtaz , Saqib BESE-03 aAudio Vidieo conferencing using middleware concepts (Hard / Softcopy)cSaqib Mumtaz & Haroon Joya BESE-03 bMCScOct,2001 a86 :p aAlmirah No 71 Shelf No 3 aUG Projects aUG CS Projects